000 005780000a22001930004500
020 _a84-254-1990-5
041 0 _aSPA
082 0 4 _aG 369.153 B5618a
100 1 _aBesten, Beate
245 1 0 _aAbusos sexuales en los niños / Beate Besten ; Cristina Halberstadt, Traductor
260 _aBarcelona, España : Herder
300 _a178 Pag
500 _aTítulo original : Sexueller mibrauch und wie man kinder davor schützt
001 9811
942 _cBK
999 _c39661
_d39661
336 _atexto
_btxt
_2rdacontent
337 _2rdamedia
_asin mediación
_bn
338 _2rdacarrier
_avolumen
_bnc